| Tag |
First Indicator |
Second Indicator |
Subfields |
| LEADER |
00000cam a2200000 a 4500 |
| 001 |
in00001140607 |
| 005 |
20150930095602.0 |
| 008 |
921019s1993 mdu b 001 0 eng |
| 010 |
|
|
|a 92038035
|
| 020 |
|
|
|a 0847677826 (cloth : alk. paper)
|
| 020 |
|
|
|a 0847677834 (paper : alk. paper)
|
| 035 |
|
|
|a (OCoLC)26975066
|
| 035 |
|
|
|9 AGB5110AM
|
| 040 |
|
|
|a DLC
|c DLC
|d TXA
|d UtOrBLW
|
| 043 |
|
|
|a e-gr---
|
| 049 |
|
|
|a TXAM
|
| 050 |
0 |
0 |
|a PA4412.S8
|b Z54 1993
|
| 082 |
0 |
0 |
|a 881/.01
|2 20
|
| 100 |
1 |
|
|a Anhalt, Emily Katz.
|
| 245 |
1 |
0 |
|a Solon the singer :
|b politics and poetics /
|c Emily Katz Anhalt.
|
| 264 |
|
1 |
|a Lanham, Md. :
|b Rowman & Littlefield Publishers,
|c [1993]
|
| 264 |
|
4 |
|c ©1993
|
| 300 |
|
|
|a xiii, 161 pages ;
|c 24 cm.
|
| 336 |
|
|
|a text
|b txt
|2 rdacontent
|
| 337 |
|
|
|a unmediated
|b n
|2 rdamedia
|
| 338 |
|
|
|a volume
|b nc
|2 rdacarrier
|
| 490 |
1 |
|
|a Greek studies, interdisciplinary approaches
|
| 504 |
|
|
|a Includes bibliographical references (pages 151-154) and index.
|
| 600 |
0 |
0 |
|a Solon,
|d approximately 630 B.C.-approximately 560 B.C.
|x Poetic works.
|
| 650 |
|
0 |
|a Politics and literature
|z Greece
|x History.
|
| 651 |
|
0 |
|a Athens (Greece)
|x Politics and government.
|
| 650 |
|
0 |
|a Greek language
|x Metrics and rhythmics.
|
| 830 |
|
0 |
|a Greek studies.
|
| 999 |
|
|
|a MARS
|
| 999 |
f |
f |
|s a8d49afd-4e81-3920-bbb0-122fcb0a1f21
|i f94e1836-d818-3129-b677-f5e7a170a9a7
|t 0
|
| 952 |
f |
f |
|p ric
|a Texas A&M University
|b Rellis Campus
|c Joint Library Facility
|s JLF
|d Remote Storage
|t 0
|e PA4412.S8 Z54 1993
|h Library of Congress classification
|i unmediated -- volume
|m A14817573176
|
| 998 |
f |
f |
|a PA4412.S8 Z54 1993
|t 0
|l Remote Storage
|